01694nam a2200337 i 4500001001000000003000900010005001700019007000300036008004100039040003000080082002400110100005500134245007100189264003600260300004500296336002700341337003300368338002800401490002700429590002800456650002700484650003100511910003700542942001400579952016600593952014800759952014800907952013601055952014801191999001701339000011730DO-SdBNP20250227073849.0ta091027s1983 dr a 000 j spa d aDO-SdBNPbspacBNPHUerda 4aRD863.44bA353m2221 aAlcántara Almánzar, Joséd1946-eautor9701814aLas máscaras de la seducción /cJosé Alcántara Almánzar. aSanto Domingo :bTaller,c1983. a123 páginas :bilustraciones ;c20 cm. 2rdacontentatextobtxt 2rdamediaasin mediaciónbn 2rdacarrieravolumenbnc aBiblioteca Tallerv158 aInventariado, 2019 / DG 0aNovela dominicana9223 0aLiteratura dominicana.967 aValidado. Control de calidad MFF 2ddccLBS1 00102ddc56708DSaBNPHUbBNPHUcHDd2009-10-27eDonado por INTECl0oBNPHU DS RD863.44 A353mp11730-30r2020-06-25te. 3w2020-06-25yLBS1ZPréstamo interno 00102ddc54708DSaBNPHUbBNPHUcMId2009-10-27l0oBNPHU DS RD863.44 A353mp11730-40r2020-06-25te. 4w2020-06-25yLBS1ZPréstamo en sala 00102ddc56708DSaBNPHUbBNPHUcMId2015-04-21l0oBNPHU DS RD863.44 A353mp11730-50r2020-06-25te. 5w2020-06-25yLBS1ZPréstamo interno 00102ddc51708PDaBNPHUbBNPHUcHDd2009-10-27l0oBNPHU PD RD863.44 A353mp11730-10r2020-06-25w2020-06-25yLBS1ZNo se presta 00102ddc51708PDaBNPHUbBNPHUcHDd2009-10-27l0oBNPHU PD RD863.44 A353mp11730-20r2020-06-25te. 2w2020-06-25yLBS1ZPréstamo interno c11405d11405